000 01196cam a2200325 i 4500
001 15406168
003 EG-ScBUE
005 20260331095331.0
008 080809s2008 enkab f b 001 0 eng d
020 _a9780521857802 (hbk.)
020 _a0521857805 (hbk.)
035 _a(OCoLC)ocn174130599
040 _aUKM
_beng
_erda
_cUKM
_dYDXCP
_dBTCTA
_dBAKER
_dBWKUK
_dBWX
_dIXA
_dDLC
082 0 4 _a551.3
_222
_bBRI
100 1 _aBridge, J. S.,
_eauthor.
_94024
245 1 0 _aEarth surface processes, landforms and sediment deposits /
_cJohn Bridge and Robert Demicco.
264 1 _aCambridge :
_bCambridge University Press,
_c[2008]
264 1 _ac2008
300 _axiii, 815 pages :
_billustrations (some color), maps ;
_c26 cm
336 _2rdacontent
_atext
_btxt
337 _aunmediated
_2rdamedia
_bn
338 _avolume
_bnc
_2rdacarrier
504 _aIncludes bibliographical references and index.
650 7 _94025
_aSedimentation and deposition
_2BUEsh
651 7 _aEarth
_xSurface.
_2BUEsh
_94026
655 _vReading book
700 1 _aDemicco, Robert V.,
_eauthor.
_94027
942 _2ddc
_cBB
999 _c11377
_d11377